| 000 | 00498nam a2200181Ia 4500 | ||
|---|---|---|---|
| 008 | 180620s9999 xx 000 0 und d | ||
| 020 | _a1-888777-54-0 | ||
| 050 | _aREF QA 76.15 | ||
| 050 | _b.N49 1997 | ||
| 245 | 4 | _aThe New international Webster's pocket computer dictionary of the English language / | |
| 260 | _aFlorida : | ||
| 260 | _bTrident Press International. | ||
| 260 | _c1997 | ||
| 300 | _a318 pages : | ||
| 300 | _c17 cm. | ||
| 650 | _aComputers -- | ||
| 650 | _xDictionaries. | ||
| 999 |
_c358028 _d358028 |
||